Statistics for Inter Milan Biggest Transfers

Click here to take the quiz!

General Stats

  • This quiz has been taken 50 times
  • The average score is 106 of 300

Answer Stats

% Correct
IncomingsBelgiumSTRomelu Lukaku19/20Manchester United
100%
IncomingsBelgiumSTRomelu Lukaku22/23Chelsea
100%
OutgoingsBelgiumSTRomelu Lukaku21/22Chelsea
100%
IncomingsMoroccoRBAchraf Hakimi20/21Real Madrid
95%
OutgoingsMoroccoRBAchraf Hakimi21/22Paris Saint-Germain
95%
IncomingsSwedenSTZlatan Ibrahimovic06/07Juventus
93%
OutgoingsSwedenSTZlatan Ibrahimovic09/10Barcelona
93%
OutgoingsArgentinaSTHernan Crespo03/04Chelsea
86%
IncomingsArgentinaSTHernan Crespo02/03Lazio
86%
IncomingsSlovakiaCBMilan Skriniar17/18Sampdoria
86%
IncomingsItalyCMNicolo Barella19/20Cagliari
86%
IncomingsItalyCMNicolo Barella20/21Cagliari
86%
IncomingsBrazilSTRonaldo97/98Barcelona
86%
OutgoingsBrazilSTRonaldo02/03Real Madrid
86%
IncomingsCentral African RepublicDMGeoffrey Kondogbia15/16Monaco
83%
OutgoingsCentral African RepublicDMGeoffrey Kondogbia18/19Valencia
83%
OutgoingsArgentinaSTMauro Icardi20/21Paris Saint-Germain
83%
IncomingsArgentinaSTMauro Icardi13/14Sampdoria
83%
OutgoingsGermanyLMRobin Gosens23/24Union Berlin
83%
IncomingsGermanyLMRobin Gosens22/23Atalanta
83%
IncomingsCameroonSTSamuel Eto'o09/10Barcelona
83%
OutgoingsCameroonSTSamuel Eto'o11/12Anzhi Makhachkala
83%
IncomingsFranceCBBenjamin Pavard23/24Bayern Munich
81%
IncomingsDenmarkAMChristian Eriksen19/20Tottenham Hotspur
81%
IncomingsArgentinaSTLautaro Martinez18/19Racing Club
81%
IncomingsItalyCBAlessandro Bastoni17/18Atalanta
79%
IncomingsItalySTChristian Vieri99/00Lazio
79%
IncomingsNetherlandsCMClarence Seedorf99/00Real Madrid
79%
OutgoingsNetherlandsCMClarence Seedorf02/03Milan
79%
IncomingsArgentinaSTDiego Milito09/10Genoa
79%
IncomingsBelgiumCMRadja Nainggolan18/19Roma
79%
OutgoingsCameroonGKAndre Onana23/24Manchester United
74%
IncomingsPortugalCMJoao Mario16/17Sporting CP
74%
OutgoingsCroatiaCMMateo Kovacic15/16Real Madrid
71%
IncomingsCroatiaCMMateo Kovacic12/13Dinamo Zagreb
71%
OutgoingsCroatiaDMMarcelo Brozovic23/24Al-Nassr
69%
IncomingsCroatiaDMMarcelo Brozovic16/17Dinamo Zagreb
69%
OutgoingsItalySTMario Balotelli10/11Manchester City
69%
IncomingsItalyRWMatteo Politano18/19Sassuolo
69%
OutgoingsItalyRWMatteo Politano21/22Napoli
69%
OutgoingsItalyRWMatteo Politano19/20Napoli
69%
IncomingsItalyRWMatteo Politano19/20Sassuolo
69%
IncomingsSloveniaGKSamir Handanovic12/13Udinese
69%
OutgoingsBrazilSTGabriel Barbosa19/20Flamengo
67%
IncomingsBrazilSTGabriel Barbosa16/17Santos
67%
IncomingsCroatiaLMIvan Perisic15/16Wolfsburg
67%
OutgoingsCroatiaLMIvan Perisic19/20Bayern Munich
67%
IncomingsArgentinaSSJoaquin Correa22/23Lazio
67%
IncomingsArgentinaSSJoaquin Correa21/22Lazio
67%
IncomingsMontenegroSTStevan Jovetic16/17Manchester City
67%
OutgoingsMontenegroSTStevan Jovetic17/18Monaco
67%
OutgoingsItalyRMAntonio Candreva21/22Sampdoria
64%
IncomingsItalyRMAntonio Candreva16/17Lazio
64%
IncomingsNetherlandsRMDenzel Dumfries21/22PSV
64%
OutgoingsNorth MacedoniaSSGoran Pandev12/13Napoli
64%
OutgoingsNorth MacedoniaSSGoran Pandev04/05Lazio
64%
IncomingsUruguayCMMatias Vecino17/18Fiorentina
64%
OutgoingsIrelandSTRobbie Keane01/02Leeds United
64%
IncomingsIrelandSTRobbie Keane00/01Coventry City
64%
IncomingsPortugalRWRicardo Quaresma08/09Porto
62%
OutgoingsPortugalRWRicardo Quaresma10/11Besiktas
62%
OutgoingsAustriaRMValentino Lazaro23/24Torino
62%
IncomingsAustriaRMValentino Lazaro19/20Hertha Berlin
62%
OutgoingsNetherlandsAMWesley Sneijder12/13Galatasray
62%
IncomingsNetherlandsAMWesley Sneijder09/10Real Madrid
62%
IncomingsSwitzerlandAMXherdan Shaqiri15/16Bayern Munich
62%
OutgoingsSwitzerlandAMXherdan Shaqiri15/16Stoke City
62%
IncomingsBrazilSTAdriano03/04Parma
60%
OutgoingsBrazilSTAdriano02/03Parma
60%
IncomingsBrazilSTAdriano01/02Flamengo
60%
IncomingsItalyCMRoberto Gagliardini17/18Atalanta
60%
IncomingsItalyCMStefano Sensi20/21Sassuolo
60%
IncomingsItalyGKFrancesco Toldo01/02Fiorentina
57%
IncomingsArgentinaCBWalter Samuel05/06Real Madrid
57%
IncomingsRomaniaCBCristian Chivu07/08Roma
55%
IncomingsItalyDMCristiano Zanetti01/02Roma
55%
IncomingsColombiaCMFredy Guarin12/13Porto
55%
OutgoingsColombiaCMFredy Guarin15/16Shanghai Shenhua
55%
IncomingsArgentinaRBJavier Zanetti95/96Banfield
55%
IncomingsBrazilAMHernanes13/14Lazio
52%
OutgoingsBrazilAMHernanes15/16Juventus
52%
IncomingsBrazilCBMiranda16/17Atletico Madrid
52%
IncomingsGhanaCMSulley Muntari08/09Portsmouth
52%
OutgoingsItalyCBFabio Cannavaro04/05Juventus
50%
IncomingsItalyCBFabio Cannavaro02/03Parma
50%
IncomingsColombiaCBIvan Cordoba99/00San Lorenzo
50%
IncomingsBrazilCBLucio09/10Bayern Munich
50%
IncomingsFranceDMPatrick Vieira06/07Juventus
50%
OutgoingsBrazilAMPhilippe Coutinho12/13Liverpool
50%
IncomingsSwitzerlandGKYann Sommer23/24Bayern Munich
50%
IncomingsItalyCBAndrea Ranocchia10/11Genoa
48%
OutgoingsNetherlandsSSDennis Bergkamp95/96Arsenal
48%
IncomingsNetherlandsSSDennis Bergkamp93/94Ajax
48%
IncomingsRomaniaGKIonut Radu19/20Genoa
48%
OutgoingsRomaniaGKIonut Radu19/20Genoa
48%
OutgoingsBrazilRBMaicon12/13Manchester City
48%
IncomingsBrazilRBMaicon06/07Monaco
48%
OutgoingsNigeriaSTObafemi Martins06/07Newcastle United
48%
IncomingsItalySTAndrea Pinamonti20/21Genoa
45%
OutgoingsItalySTAndrea Pinamonti23/24Sassuolo
45%
OutgoingsItalySTAndrea Pinamonti20/21Genoa
45%
IncomingsItalyCBMarco Materazzi01/02Perugia
45%
IncomingsArgentinaSTRodrigo Palacio12/13Genoa
45%
IncomingsItalyDMThiago Motta09/10Genoa
45%
OutgoingsItalyDMThiago Motta11/12Paris Saint-Germain
45%
IncomingsJapanLBYuto Nagatomo11/12Cesena
45%
OutgoingsJapanLBYuto Nagatomo18/19Galatasray
45%
OutgoingsItalyDMAndrea Pirlo01/02Milan
43%
IncomingsItalySSAntonio Cassano12/13Milan
43%
OutgoingsBrazilLBDalbert20/21Rennes
43%
IncomingsBrazilLBDalbert17/18Nice
43%
IncomingsItalyCMDavide Frattesi23/24Sassuolo
43%
OutgoingsGermanySTJurgen Klinsmann92/93Monaco
43%
IncomingsGermanySTJurgen Klinsmann89/90Stuttgart
43%
IncomingsAlbaniaDMKristjan Asllani23/24Empoli
43%
IncomingsAlbaniaDMKristjan Asllani22/23Empoli
43%
IncomingsGermanyCBYann Bisseck23/24Aarhus
43%
IncomingsSpainCMBorja Valero17/18Fiorentina
40%
OutgoingsItalySTEder Citadin18/19Jiangsu Suning
40%
IncomingsItalySTEder Citadin16/17Sampdoria
40%
IncomingsItalyLBFederico Dimarco18/19Sion
40%
OutgoingsItalyLBFederico Dimarco17/18Sion
40%
OutgoingsColombiaCBJeison Murillo18/19Valencia
40%
IncomingsColombiaCBJeison Murillo15/16Granada
40%
IncomingsUruguaySTDiego Forlan11/12Atletico Madrid
38%
OutgoingsArgentinaCMDiego Simeone99/00Lazio
38%
IncomingsArgentinaCMDiego Simeone96/97Atletico Madrid
38%
OutgoingsArgentinaCMRicardo Alvarez15/16Sunderland
38%
IncomingsArgentinaCMRicardo Alvarez11/12Velez Sarsfield
38%
IncomingsCroatiaRBSime Vrsaljko18/19Atletico Madrid
38%
OutgoingsItalyGKAngelo Peruzzi00/01Lazio
36%
IncomingsItalyGKAngelo Peruzzi99/00Juventus
36%
OutgoingsItalyCMCesare Casadei22/23Chelsea
36%
OutgoingsItalyLBDavide Santon18/19Roma
36%
OutgoingsItalyLBDavide Santon11/12Newcastle United
36%
OutgoingsChileDMGary Medel17/18Besiktas
36%
IncomingsChileDMGary Medel14/15Cardiff City
36%
IncomingsItalySTGiampaolo Pazzini10/11Sampdoria
36%
OutgoingsItalySTGiampaolo Pazzini12/13Milan
36%
OutgoingsBrazilLBRoberto Carlos96/97Real Madrid
36%
IncomingsRomaniaSTAdrian Mutu99/00Dinamo Bucharest
33%
OutgoingsRomaniaSTAdrian Mutu00/01Hellas Verona
33%
OutgoingsUruguayLBAlvaro Pereira15/16Estudiantes
33%
IncomingsUruguayLBAlvaro Pereira12/13Porto
33%
OutgoingsFranceRWJonathan Biabiany09/10Parma
33%
OutgoingsFranceRWJonathan Biabiany10/11Sampdoria
33%
IncomingsFranceRWJonathan Biabiany10/11Parma
33%
OutgoingsBrazilCBJuan Jesus17/18Roma
33%
OutgoingsBrazilCBJuan Jesus16/17Roma
33%
IncomingsArgentinaLBCristian Ansaldi16/17Genoa
31%
OutgoingsArgentinaLBCristian Ansaldi19/20Torino
31%
OutgoingsArgentinaLBCristian Ansaldi17/18Torino
31%
OutgoingsItalyLBFabio Grosso07/08Lyon
31%
IncomingsItalyLBFabio Grosso06/07Palermo
31%
OutgoingsBrazilLBMaxwell09/10Barcelona
31%
OutgoingsBelgiumCBZinho Vanheusden19/20Standard Liege
31%
IncomingsBelgiumCBZinho Vanheusden21/22Standard Liege
31%
IncomingsHondurasSTDavid Suazo07/08Cagliari
29%
OutgoingsArgentinaCMEver Banega17/18Sevilla
29%
IncomingsSenegalSTKeita Balde18/19Monaco
29%
IncomingsBrazilLWMancini08/09Roma
29%
IncomingsEnglandDMPaul Ince95/96Manchester United
29%
OutgoingsEnglandDMPaul Ince97/98Liverpool
29%
OutgoingsFranceGKSebastien Frey03/04Parma
29%
IncomingsFranceGKSebastien Frey98/99Cannes
29%
OutgoingsTurkeyCMEmre Belozoglu05/06Newcastle United
26%
OutgoingsRomaniaSTGeorge Puscas19/20Reading
26%
IncomingsTurkeySTHakan Sukur00/01Galatasray
26%
OutgoingsAlgeriaSTIshak Belfodil14/15Parma
26%
IncomingsAlgeriaSTIshak Belfodil13/14Parma
26%
IncomingsArgentinaSTJulio Cruz03/04Bologna
26%
IncomingsGermanySTKarl-Heinz Rummenigge84/85Bayern Munich
26%
IncomingsFranceDMLucien Agoume19/20Sochaux
26%
IncomingsKenyaDMMcDonald Mariga09/10Parma
26%
OutgoingsItalyAMNicolo Zaniolo18/19Roma
26%
OutgoingsFranceLWYann Karamoh20/21Parma
26%
IncomingsFranceLWYann Karamoh18/19Caen
26%
IncomingsItalyLBFrancesco Coco02/03Milan
24%
OutgoingsSierra LeoneSTMohamed Kallon04/05Monaco
24%
IncomingsSierra LeoneSTMohamed Kallon01/02Vicenza
24%
IncomingsAlgeriaCMSaphir Taider13/14Bologna
24%
OutgoingsAlgeriaCMSaphir Taider17/18Bologna
24%
OutgoingsBrazilLBDodo17/18Sampdoria
21%
IncomingsBrazilLBDodo16/17Roma
21%
OutgoingsArgentinaCBNicolas Burdisso10/11Roma
21%
IncomingsItalyRBChristian Panucci99/00Real Madrid
19%
OutgoingsItalyRBChristian Panucci00/01Monaco
19%
OutgoingsItalyRBChristian Panucci01/02Monaco
19%
OutgoingsChileCMDavid Pizarro06/07Roma
19%
IncomingsChileCMDavid Pizarro05/06Udinese
19%
OutgoingsNigeriaCMJoel Obi15/16Torino
19%
IncomingsFranceCBLaurent Blanc99/00Marseille
19%
IncomingsArgentinaCBMatias Silvestre13/14Palermo
19%
OutgoingsFranceLBMikael Silvestre99/00Manchester United
19%
IncomingsFranceLBMikael Silvestre98/99Rennes
19%
OutgoingsNigeriaSTNwankwo Kanu98/99Arsenal
19%
OutgoingsAlbaniaSTRey Manaj19/20Albacete
19%
OutgoingsItalyLBCristiano Biraghi16/17Pescara
17%
IncomingsBrazilGKGabriel Brazao19/20Parma
17%
OutgoingsNetherlandsSTLuc Castaignos12/13Twente
17%
OutgoingsItalyGKMichele Di Gregorio22/23Monza
17%
IncomingsItalySTNicola Ventola98/99Bari
17%
OutgoingsPortugalRWPaulo Costa01/02Porto
17%
IncomingsSlovakiaLBVratislav Gresko00/01Bayer Leverkusen
17%
OutgoingsNetherlandsRWAndy van der Meyde05/06Everton
14%
IncomingsNetherlandsRWAndy van der Meyde03/04Ajax
14%
OutgoingsCroatiaRBDario Simic02/03Milan
14%
IncomingsCroatiaRBDario Simic98/99Croatia Zagreb
14%
OutgoingsUruguayLBDiego Laxalt16/17Genoa
14%
OutgoingsItalyRBGabriele Zappa18/19Pescara
14%
OutgoingsItalyCMGiovanni Fabbian23/24Bologna
14%
OutgoingsItalyRBGiulio Donati13/14Bayer Leverkusen
14%
IncomingsBrazilRBJonathan11/12Santos
14%
IncomingsGermanySWMatthias Sammer92/93Stuttgart
14%
OutgoingsGermanySWMatthias Sammer92/93Borussia Dortmund
14%
OutgoingsPortugalCMPele08/09Porto
14%
OutgoingsArgentinaAMRuben Botta15/16Pachuca
14%
IncomingsPortugalRWSergio Conceicao01/02Parma
14%
OutgoingsNigeriaLBTaribo West99/00Milan
14%
OutgoingsSerbiaCMZdravko Kuzmanovic15/16Basel
14%
IncomingsItalySTEddie Salcedo19/20Genoa
12%
IncomingsChileAMLuis Jimenez08/09Ternana
12%
OutgoingsChileAMLuis Jimenez10/11Ternana
12%
OutgoingsCroatiaSTMarko Livaja12/13Atalanta
12%
IncomingsArgentinaDMMatias Almeyda02/03Parma
12%
OutgoingsItalySTMattia Destro10/11Genoa
12%
IncomingsPortugalCMPaulo Sousa97/98Borussia Dortmund
12%
IncomingsFranceAMYouri Djorkaeff96/97Paris Saint-Germain
12%
OutgoingsGhanaCMAlfred Duncan15/16Sampdoria
10%
IncomingsItalySSBenito Carbone95/96Napoli
10%
OutgoingsItalySSBenito Carbone96/97Sheffield Wednesday
10%
OutgoingsSwitzerlandCMCiriaco Sforza97/98Kaiserslautern
10%
IncomingsUruguayGKFabian Carini04/05Juventus
10%
OutgoingsItalyCBLeonardo Bonucci09/10Genoa
10%
OutgoingsItalyCBLorenzo Pirola23/24Salernitana
10%
OutgoingsItalyCBLuca Caldirola13/14Werder Bremen
10%
IncomingsColombiaCBNelson Rivas07/08River Plate
10%
IncomingsArgentinaRBNelson Vivas01/02Arsenal
10%
OutgoingsSloveniaDMRene Krhin10/11Bologna
10%
IncomingsUruguaySTRuben Sosa92/93Lazio
10%
OutgoingsItalySTSamuele Mulattieri23/24Sassuolo
10%
OutgoingsBelgiumCBSenna Miangue17/18Cagliari
10%
OutgoingsItalyLBAlessandro Pistone97/98Newcastle United
7%
OutgoingsItalyAMDomenico Morfeo05/06Parma
7%
IncomingsBelgiumAMEnzo Scifo87/88Anderlecht
7%
OutgoingsSpainDMJavier Farinos04/05Mallorca
7%
IncomingsSpainDMJavier Farinos00/01Valencia
7%
OutgoingsDenmarkRWJens Odgaard18/19Sassuolo
7%
OutgoingsItalyCBMarco Andreolli07/08Roma
7%
OutgoingsItalySTMarco Delvecchio95/96Roma
7%
IncomingsFranceCBAndreaw Gravillon18/19Pescara
5%
OutgoingsFranceCBAndreaw Gravillon22/23Reims
5%
OutgoingsFranceCBAndreaw Gravillon17/18Benevento
5%
OutgoingsItalySTBernardo Corradi02/03Lazio
5%
IncomingsNorth MacedoniaSTDarko Pancev92/93Crvena Zvezda
5%
OutgoingsItalyRBDavide Faraoni12/13Udinese
5%
IncomingsItalyGKEmiliano Viviano09/10Brescia
5%
OutgoingsItalyGKEmiliano Viviano09/10Bologna
5%
OutgoingsItalyGKEmiliano Viviano11/12Palermo
5%
IncomingsItalyRBEzequiel Schelotto12/13Atalanta
5%
OutgoingsArgentinaSTFacundo Colidio23/24River Plate
5%
OutgoingsItalySTFederico Bonazzoli14/15Sampdoria
5%
OutgoingsItalySSGianluca Caprari17/18Sampdoria
5%
IncomingsItalySSGianluca Caprari16/17Pescara
5%
IncomingsGreeceLBGrigoris Georgatos99/00Olympiacos
5%
OutgoingsGreeceLBGrigoris Georgatos02/03AEK Athens
5%
OutgoingsSenegalRBIbrahima Mbaye15/16Bologna
5%
OutgoingsItalyCMMarco Benassi14/15Torino
5%
OutgoingsItalyLBMarco Sala19/20Sassuolo
5%
OutgoingsFranceDMOusmane Dabo99/00Parma
5%
OutgoingsNetherlandsDMWim Jonk95/96PSV
5%
IncomingsNetherlandsDMWim Jonk93/94Ajax
5%
IncomingsBrazilCMZe Elias97/98Bayer Leverkusen
5%
OutgoingsItalySTAldo Serena85/86Juventus
2%
IncomingsItalyCBBruno Cirillo00/01Reggina
2%
OutgoingsItalyCBBruno Cirillo01/02Lecce
2%
IncomingsIvory CoastCBCyril Domoraud99/00Marseille
2%
OutgoingsSwitzerlandRMDarian Males23/24Young Boys
2%
IncomingsItalyCBFabio Galante96/97Genoa
2%
OutgoingsItalyCBMatteo Ferrari01/02Parma
2%
IncomingsItalyLBMichele Serena99/00Atletico Madrid
2%
OutgoingsItalySTRobert Acquafresca09/10Genoa
2%
OutgoingsItalyCMSalvatore Bagni84/85Napoli
2%
OutgoingsItalySTAndrea Adorante19/20Parma
0%
OutgoingsBrazilSTCaio96/97Napoli
0%
IncomingsBrazilSTCaio95/96Sao Paulo
0%
OutgoingsItalyCBDavide Bettella18/19Atalanta
0%
IncomingsItalyLMDavide Fontolan90/91Genoa
0%
OutgoingsItalyLBFabio Eguelfi17/18Atalanta
0%
OutgoingsItalyRBFederico Valietti18/19Genoa
0%
OutgoingsItalyDMFrancesco Bolzoni09/10Genoa
0%
IncomingsBrazilLBGilberto98/99Cruzeiro
0%
IncomingsUruguayCBGonzalo Sorondo01/02Defensor
0%
IncomingsRussiaAMIgor Shalimov92/93Foggia
0%
OutgoingsItalyDMLorenzo Crisetig16/17Bologna
0%
OutgoingsItalyCBLuca Ceccarelli08/09Milan
0%
OutgoingsItalyDMMarco Carraro18/19Atalanta
0%
OutgoingsItalySSMichael Ventre15/16Genoa
0%
OutgoingsItalySTRiccardo Meggiorini09/10Genoa
0%
IncomingsArgentinaCMSixto Peralta00/01Racing Club
0%

Score Distribution

Percentile by Number Answered

Percent of People with Each Score

Your Score History

You have not taken this quiz